Les marins du XV\pe\s et du XVI\pe\s siécle / (Record no. 156515)

MARC details
000 -LEADER
campo de control de longitud fija 00735nam a22001815i 4500
001 - NÚMERO DE CONTROL
campo de control 156515
003 - IDENTIFICADOR DE NÚMERO DE CONTROL
campo de control ES-MaACL
005 - FECHA Y HORA DE LA ÚLTIMA TRANSACCIÓN
campo de control 20251005063122.0
008 - DATOS DE LONGITUD FIJA--INFORMACIÓN GENERAL
campo de control de longitud fija 040806s1879 fr abf |||| | fre d
040 ## - FUENTE DE CATALOGACIÓN
Centro catalogador/agencia de origen CAM
Lengua de catalogación spa
Centro/agencia transcriptor CAM
100 1# - ENTRADA PRINCIPAL--NOMBRE DE PERSONA
Nombre de persona Jurien de La Gravière, Edmond,
Fechas asociadas al nombre 1812-1892
9 (RLIN) 164752
245 14 - MENCIÓN DEL TÍTULO
Título Les marins du XV\pe\s et du XVI\pe\s siécle /
Mención de responsabilidad, etc. par Jurien de la Gravière; ouvrage enrichi de cartes et de figures.
260 ## - PUBLICACIÓN, DISTRIBUCIÓN, ETC.
Lugar de publicación, distribución, etc. Paris :
Nombre del editor, distribuidor, etc. E. Plon et Cie.,
Fecha de publicación, distribución, etc. 1879.
300 ## - DESCRIPCIÓN FÍSICA
Extensión 2 v. (321 p., [17] h. de lám., [1] h. de map. pleg.; 344 p., [1] h. de map. pleg.) :
Otras características físicas il. ;
Dimensiones 19 cm.
650 04 - PUNTO DE ACCESO ADICIONAL DE MATERIA--TÉRMINO DE MATERIA
Término de materia o nombre geográfico como elemento de entrada Navegación-
Subdivisión cronológica S. XV-XVI.
9 (RLIN) 136587
852 ## - LOCALIZACIÓN
Ubicación ES-MaACL
Número de control de estantería F-6770-6771
Nota libre -- Enc. pasta española
Holdings
Estatus retirado Estado de pérdida Estado de daño No para préstamo Colección Biblioteca de origen Biblioteca actual Ubicación en estantería Fecha de adquisición Fuente de adquisición Total de préstamos Signatura topográfica completa Código de barras Visto por última vez Precio de reemplazo Tipo de ítem Koha
        Libros del s. XIX Biblioteca del Ateneo de Madrid Biblioteca del Ateneo de Madrid Depósito 2 17/01/2008     F-6770-6771 1163751 23/02/2023 23/02/2023 Libro impreso antiguo